Advanced engineered pesticides

Gespeichert in:
Bibliographische Detailangaben
1. Verfasser: Kim, Leo (VerfasserIn)
Format: Buch
Sprache:Englisch
Veröffentlicht: Nueva York Marcel Dekkler 1993
Schlagworte:
Tags: Tag hinzufügen
Keine Tags, Fügen Sie den ersten Tag hinzu!

MARC

LEADER 00000nam a2200000 a 4500
001 UCY4183
003 CL-VaPUC
008 950302e19930000US |||||||||||||||||eng|d
082 0 4 |a 632.96  |b KIM  |2 21 
100 0 |a Kim, Leo  |e author  |9 332597 
245 1 0 |a Advanced engineered pesticides 
300 |a 430 p 
942 |c BK 
945 |d 19950302 00:00:00  |a rbrito 
260 |a Nueva York  |b Marcel Dekkler  |c 1993 
650 0 |a Plaguicidas  |9 259645 
650 0 |a Plantas  |9 264555 
650 7 |a RESISTENCIA A ENFERMEDADES Y PLAGAS  |2 CL-VaPUC  |9 332598 
650 0 |a Cultivos  |9 264356 
650 0 |a Ingeniería genética  |9 263020 
650 0 |a Biotecnología agrícola  |9 332599 
583 |a last modification  |c 20121108 09:55:47  |k Rodrigo Vera 
999 |c 232121  |d 232119 
952 |0 0  |1 0  |4 0  |6 632_960000000000000_KIM_1993  |7 0  |8 A  |9 236174  |a BIBAGR  |b BIBAGR  |d 2019-11-15  |i 3061183  |o 632.96 KIM 1993  |p 3061183  |r 2025-01-20  |w 2019-11-15  |y BK  |k AGR